Southville International School and Colleges
Your cart is empty.
  • Cart
  • Lists
    Public lists Eva Luna New books Lux_list list_1
    Your lists Log in to create your own lists
  • Log in to your account
  • Your cookies
  • Search history
Southville International School and Colleges
  • Advanced search
  • Recent comments
  • Most popular
  • Libraries

Log in to your account

Log in with GOOGLE


If you do not have an external account, but do have a local account, you can still log in:

  1. Home
  2. MARC view: Communication skills for college and beyond /
Normal view MARC view ISBD view

Communication skills for college and beyond / (Record no. 290451)

[ view plain ]
MARC details
000 -LEADER
fixed length control field 00679nam a22002290 4500
001 - CONTROL NUMBER
control field ocn971232754x
003 - CONTROL NUMBER IDENTIFIER
control field PILC
005 - DATE AND TIME OF LATEST TRANSACTION
control field 20160128090133.0
008 - FIXED-LENGTH DATA ELEMENTS--GENERAL INFORMATION
fixed length control field 021113s1999 eng
020 ## - INTERNATIONAL STANDARD BOOK NUMBER
International Standard Book Number 971232754X
050 ## - LIBRARY OF CONGRESS CALL NUMBER
Classification number P 90
Item number .B34 1999
100 1# - MAIN ENTRY--PERSONAL NAME
Personal name Bascara, Linda R.
245 10 - TITLE STATEMENT
Title Communication skills for college and beyond /
Statement of responsibility, etc Linda R. Bascara, Lilia A. Manzano, Agnes A. Tolosa.
250 ## - EDITION STATEMENT
Edition statement 1st edition.
260 ## - PUBLICATION, DISTRIBUTION, ETC. (IMPRINT)
Place of publication, distribution, etc Manila :
Name of publisher, distributor, etc Rex Book Store,
Date of publication, distribution, etc 1999.
300 ## - PHYSICAL DESCRIPTION
Extent xii, 167 pages ;
Dimensions 23 cm.
440 #0 - SERIES STATEMENT/ADDED ENTRY--TITLE
Title RBS English series ;
Volume number/sequential designation 2.
650 ## - SUBJECT ADDED ENTRY--TOPICAL TERM
Topical term or geographic name as entry element Communication.
700 1# - ADDED ENTRY--PERSONAL NAME
Personal name Manzano, Lilia A.
700 1# - ADDED ENTRY--PERSONAL NAME
Personal name Tolosa, Agnes A.
942 ## - ADDED ENTRY ELEMENTS (KOHA)
Source of classification or shelving scheme Library of Congress Classification
Koha item type Books
Call number prefix Filipininana
Holdings
Withdrawn status Lost status Source of classification or shelving scheme Damaged status Home library Current library Shelving location Date acquired Source of acquisition Sub Shelving location Total Checkouts Full call number Barcode Date last seen Price effective from Koha item type
    Library of Congress Classification   College Library College Library Filipiniana Section 01/28/2016 Donation     P 90 .B34 1999 C20394 05/08/2018 01/28/2016 Books

Communication skills for college and beyond /

APA

Bascara L. R., Manzano L. A. & Tolosa A. A. (1999). Communication skills for college and beyond. Manila: Rex Book Store.

Chicago

Bascara Linda R, Manzano Lilia A and Tolosa Agnes A. 1999. Communication skills for college and beyond. Manila: Rex Book Store.

Harvard

Bascara L. R., Manzano L. A. and Tolosa A. A. (1999). Communication skills for college and beyond. Manila: Rex Book Store.

MLA

Bascara Linda R, Manzano Lilia A and Tolosa Agnes A. Communication skills for college and beyond. Manila: Rex Book Store. 1999.

  • Place hold
  • Print
  • Cite
  • Add to your cart (remove)
  • Save record
    BIBTEX Dublin Core MARCXML MARC (non-Unicode/MARC-8) MARC (Unicode/UTF-8) MARC (Unicode/UTF-8, Standard) MODS (XML) RIS
  • More searches
    Search for this title in:
    Other Libraries (WorldCat) Other Databases (Google Scholar) Online Stores (Bookfinder.com) Open Library (openlibrary.org)

Exporting to Dublin Core...

SOUTHVILLE LIBRARY

Southville International School and Colleges Library

1281 Tropical Ave. Cor. Luxembourg St., BF Homes International, Las Pinas City

Tel. No. 8256374 / 252358 Loc. 117/146

Powered by Koha